| 000 | 00632nam a2200193 i 4500 | ||
|---|---|---|---|
| 001 | 90226 | ||
| 003 | ES-MaACL | ||
| 005 | 20250717013058.0 | ||
| 007 | t| | ||
| 008 | 050119s1931 sp ||||1| spa d | ||
| 100 | 1 |
_aLe Blond-Zola, Denise. _970834 |
|
| 245 | 1 | 0 |
_aEmilo Zola _b: lo que cuenta de él su hija / _cDenise Le Blond-Zola ; traducción del español de Amando Lázaro. |
| 260 |
_aMadrid : _b[s.n., _c1931] ( _fPrensa Moderna) |
||
| 300 |
_a366 p. ; _c19 cm. |
||
| 600 | 1 | 7 |
_aZola, Émile, _d1840-1902 _2embne _9118331 |
| 700 | 1 |
_aLázaro, Amando. _970783 |
|
| 852 |
_aES-MaACL _jA-531 |
||
| 999 |
_c90226 _d90226 |
||